| 000 | 00605nam a22001937a 4500 | ||
|---|---|---|---|
| 999 |
_c180780 _d180780 |
||
| 005 | 20210817171702.0 | ||
| 010 | _aB-741122 | ||
| 020 |
_a9789384551124 _c495.00 |
||
| 035 | _aB-741122 | ||
| 037 | _bGift | ||
| 082 | _aS | ||
| 100 | _aBhatt, Somdev | ||
| 245 |
_aKatha Saritsagar / _cby Somdev Bhatt |
||
| 260 |
_aNoida, U.P. _bAsha Sahitya Kendra _c2020 |
||
| 270 |
_aG-10, First Floor, Sector-22 _bNoida _e201301 |
||
| 300 |
_a198p. _c22cm(Hb) |
||
| 942 |
_2ddc _cCH _hS _mBHA |
||